00558nam a2200205 a 4500001001300000003000900013005001700022008004100039020002300080082001800103100002200121245006300143260003900206300000900245500003500254505001000289650001800299700001500317700002000332nice12345678IN_TiNIC20260116014436.0050524s2003 jaia grp 000 0 eng  a8170335 c59500a341.7588bJUD aDudge, Paramjit S aDevelopment, Gender and Diaspora, Context of Globalisation aJaipur bRawat Publications c2003 a302p aincludes index and biblioraphy2 aIndex aGlobalization1 aS L Sharma1 aSatish K Sharma